| 000 | 004770000a22001810004500 | ||
|---|---|---|---|
| 020 | _a987-9403-36-3 | ||
| 041 | 0 | _aSPA | |
| 082 | 0 | 4 | _aG 266 B1688m |
| 100 | 1 | _aBakke, Raymond J. (Ray) (1938-) | |
| 245 | 1 | 0 | _aMisión integral en la ciudad / Raymond Bakke |
| 260 | _aBuenos Aires. Argentina : Kairós | ||
| 300 | _a119 Pag | ||
| 001 | 7163 | ||
| 942 | _cBK | ||
| 999 |
_c37388 _d37388 |
||
| 336 |
_atexto _btxt _2rdacontent |
||
| 337 |
_2rdamedia _asin mediación _bn |
||
| 338 |
_2rdacarrier _avolumen _bnc |
||